[Event "Titled Tuesday intern op 16th Jul Late"]
[Site "Chess.com INT"]
[Date "2024.07.16"]
[Round "1"]
[White "Ballester Llagaria, Luis Eduardo"]
[Black "Elsness, Frode"]
[Result "1-0"]
[WhiteElo "2298"]
[BlackElo "2418"]
[PlyCount "105"]
[EventDate "2024.07.16"]
[EventType "swiss (blitz)"]
[EventRounds "11"]
[EventCountry "USA"]
[SourceTitle "EXT 2025"]
[Source "ChessBase"]
[SourceDate "2024.10.14"]
[SourceVersion "1"]
[SourceVersionDate "2024.10.14"]
[SourceQuality "1"]

1. e4 c6 2. Nc3 d5 3. Nf3 dxe4 4. Nxe4 Nf6 5. Qe2 Nxe4 6. Qxe4 Qa5 7. Bc4 Qf5 8. d3 Qxe4+ 9. dxe4 Nd7 10. 0-0 Nb6 11. Bb3 g6 12. Ne5 e6 13. Bg5 Bg7 14. Ng4 f5 15. Nf6+ Kf7 16. e5 h6 17. Be3 Nd5 18. Nxd5 exd5 19. f4 Be6 20. a4 Rhc8 21. a5 c5 22. a6 b6 23. Ba4 Rc7 24. Bb5 Bf8 25. Rfd1 Rd8 26. c3 Be7 27. Kf2 g5 28. Rd2 Bd7 29. Bxd7 Rcxd7 30. Rad1 Ke6 31. g3 g4 32. Kg2 h5 33. h3 Rh8 34. Rh1 Rdd8 35. Rdd1 Rdg8 36. hxg4 hxg4 37. Rc1 Rd8 38. Rxh8 Rxh8 39. b4 Rc8 40. bxc5 Bxc5 41. Bxc5 Rxc5 42. Rh1 Rxc3 43. Rh6+ Ke7 44. Rh7+ Ke6 45. Rxa7 Rc2+ 46. Kf1 Rc1+ 47. Ke2 Ra1 48. Ra8 Kd7 49. a7 Kc6 50. Rc8+ Kb7 51. a8Q+ Rxa8 52. Rxa8 Kxa8 53. e6 1-0

[Event "Titled Tuesday intern op 16th Jul Late"]
[Site "Chess.com INT"]
[Date "2024.07.16"]
[Round "2"]
[White "Svane, Rasmus"]
[Black "Ballester Llagaria, Luis Eduardo"]
[Result "1-0"]
[WhiteElo "2633"]
[BlackElo "2298"]
[PlyCount "63"]
[EventDate "2024.07.16"]
[EventType "swiss (blitz)"]
[EventRounds "11"]
[EventCountry "USA"]
[SourceTitle "EXT 2025"]
[Source "ChessBase"]
[SourceDate "2024.10.14"]
[SourceVersion "1"]
[SourceVersionDate "2024.10.14"]
[SourceQuality "1"]

1. Nf3 d5 2. g3 Bg4 3. Bg2 c6 4. 0-0 Nd7 5. h3 Bxf3 6. Bxf3 e5 7. d3 Ngf6 8. e4 dxe4 9. dxe4 Bc5 10. Nd2 0-0 11. a4 a5 12. Qe2 Qe7 13. Nb3 Bb6 14. Kg2 Rfe8 15. Bd2 Nf8 16. Rfd1 Ne6 17. c3 Red8 18. h4 h6 19. Be1 Rxd1 20. Rxd1 Rd8 21. Rd3 Rxd3 22. Qxd3 Qd7 23. Qc2 Qd6 24. Nd2 Qc5 25. Qb3 Nd7 26. Nc4 Bc7 27. Bg4 b5 28. Bxe6 bxc4 29. Bxc4 Qe7 30. Qb7 Nc5 31. Qxc6 Qd6 32. Qe8+ 1-0

[Event "Titled Tuesday intern op 09th Apr Late"]
[Site "Chess.com INT"]
[Date "2024.04.09"]
[Round "2"]
[White "De Souza, Arthur Olintho"]
[Black "Ballester Llagaria, Luis Eduardo"]
[Result "1/2-1/2"]
[WhiteElo "2113"]
[BlackElo "2298"]
[PlyCount "132"]
[EventDate "2024.04.09"]
[EventType "swiss (blitz)"]
[EventRounds "11"]
[EventCountry "USA"]
[SourceTitle "EXT 2025"]
[Source "ChessBase"]
[SourceDate "2024.10.14"]
[SourceVersion "1"]
[SourceVersionDate "2024.10.14"]
[SourceQuality "1"]

1. e4 e6 2. Nc3 d5 3. Nf3 Nc6 4. d4 Nf6 5. e5 Ne4 6. Bf4 Bb4 7. Bd2 Nxd2 8. Qxd2 f6 9. a3 Bxc3 10. bxc3 0-0 11. exf6 Qxf6 12. Bd3 e5 13. dxe5 Nxe5 14. Nxe5 Qxe5+ 15. Be2 Re8 16. f3 Bf5 17. Kf2 Rad8 18. Rae1 Qf6 19. Bd3 Qb6+ 20. Kg3 Rf8 21. Qg5 Qd6+ 22. Kf2 Bxd3 23. cxd3 Qxa3 24. Re7 Qb2+ 25. Kg3 Qxc3 26. Rc1 Qf6 27. Qxf6 Rxf6 28. Rcxc7 Rg6+ 29. Kf2 h6 30. Rxb7 Rc8 31. Rec7 Rxc7 32. Rxc7 a6 33. g4 Kf8 34. Ke3 Ke8 35. Kd4 Rf6 36. Rxg7 Rxf3 37. Ra7 Rf4+ 38. Kxd5 Rxg4 39. Rxa6 Rh4 40. Ra2 Kd7 41. Ra7+ Kd8 42. Ra2 Kd7 43. Ra3 Rxh2 44. Ra7+ Kd8 45. Kd6 Ke8 46. d4 Rg2 47. d5 Rd2 48. Re7+ Kf8 49. Rh7 Ra2 50. Ke6 Re2+ 51. Kf6 Ke8 52. Rxh6 Kd7 53. Rh5 Kd6 54. Rf5 Re1 55. Rg5 Rf1+ 56. Rf5 Rd1 57. Rg5 Re1 58. Rf5 Re8 59. Rg5 Rf8+ 60. Kg7 Rf4 61. Kg6 Rf1 62. Kg7 Rf2 63. Kg6 Rf1 64. Kg7 Rf4 65. Kg6 Kd7 66. Kg7 Kd6 1/2-1/2

[Event "Titled Tuesday intern op 13th Feb Late"]
[Site "Chess.com INT"]
[Date "2024.02.13"]
[Round "3"]
[White "Ballester Llagaria, Luis Eduardo"]
[Black "Al Blooshi, Hamad Essa"]
[Result "1-0"]
[WhiteElo "2298"]
[BlackElo "2067"]
[PlyCount "71"]
[EventDate "2024.02.13"]
[EventType "swiss (blitz)"]
[EventRounds "11"]
[EventCountry "USA"]
[SourceTitle "CBM 218 Extra"]
[Source "ChessBase"]
[SourceDate "2024.03.31"]
[SourceVersion "1"]
[SourceVersionDate "2024.03.31"]
[SourceQuality "1"]

1. e4 c5 2. Nc3 Nc6 3. Bb5 Nd4 4. Nf3 a6 5. Bd3 Nc6 6. 0-0 g6 7. e5 Bg7 8. Re1 Nh6 9. Bc4 0-0 10. d3 Nf5 11. Bf4 d6 12. exd6 Nxd6 13. Bd5 Nd4 14. Ne5 Ne6 15. Bg3 Nf5 16. Qe2 Ned4 17. Qd2 Nxg3 18. hxg3 e6 19. Bb3 Qc7 20. Nf3 b5 21. Ne4 Bb7 22. c3 Nxb3 23. axb3 Rad8 24. Rad1 Rd7 25. Qe3 Rc8 26. g4 h6 27. g5 hxg5 28. Nfxg5 Bxe4 29. Nxe4 Qc6 30. Qf3 Qd5 31. c4 Qf5 32. Qg3 Rcd8 33. Re3 Be5 34. Qh4 Rxd3 35. Rdxd3 Rxd3 36. Rxd3 1-0

[Event "Titled Tuesday intern op 19th Dec Late"]
[Site "Chess.com INT"]
[Date "2023.12.19"]
[Round "6"]
[White "Ballester Llagaria, Luis Eduardo"]
[Black "Solon, Nathan"]
[Result "0-1"]
[WhiteElo "2298"]
[BlackElo "2327"]
[PlyCount "95"]
[EventDate "2023.12.19"]
[EventType "swiss (blitz)"]
[EventRounds "11"]
[EventCountry "USA"]
[SourceTitle "EXT 2025"]
[Source "ChessBase"]
[SourceDate "2024.10.14"]
[SourceVersion "1"]
[SourceVersionDate "2024.10.14"]
[SourceQuality "1"]

1. e4 c5 2. Nc3 Nc6 3. Bb5 Nd4 4. Nf3 a6 5. Bd3 Nc6 6. 0-0 e6 7. Be2 Nf6 8. d4 cxd4 9. Nxd4 Qc7 10. Be3 Be7 11. f4 d6 12. Bf3 0-0 13. Qe1 Bd7 14. Nb3 Rac8 15. Qf2 Na5 16. Rae1 Nc4 17. Bc1 Bc6 18. g4 Nd7 19. g5 b5 20. a3 a5 21. Kh1 b4 22. axb4 axb4 23. Ne2 Na5 24. Nxa5 Qxa5 25. Nd4 Bb7 26. b3 Rfe8 27. Bb2 Bf8 28. Ra1 Qb6 29. Qe2 Ra8 30. Rxa8 Rxa8 31. Ra1 Rxa1+ 32. Bxa1 Nc5 33. Kg2 Qa5 34. Bb2 Qa2 35. Bc1 g6 36. f5 e5 37. Nb5 Ba6 38. c4 Qxb3 39. Be3 Nd3 40. Nc7 Bxc4 41. fxg6 Nf4+ 42. Bxf4 Bxe2 43. gxh7+ Kxh7 44. Bxe2 exf4 45. Nd5 Qc2 46. Nxf4 b3 47. Kg3 b2 48. e5 0-1

[Event "Titled Tuesday intern op 19th Dec Late"]
[Site "Chess.com INT"]
[Date "2023.12.19"]
[Round "5"]
[White "Pakleza, Zbigniew"]
[Black "Ballester Llagaria, Luis Eduardo"]
[Result "0-1"]
[WhiteElo "2482"]
[BlackElo "2298"]
[PlyCount "148"]
[EventDate "2023.12.19"]
[EventType "swiss (blitz)"]
[EventRounds "11"]
[EventCountry "USA"]
[SourceTitle "EXT 2025"]
[Source "ChessBase"]
[SourceDate "2024.10.14"]
[SourceVersion "1"]
[SourceVersionDate "2024.10.14"]
[SourceQuality "1"]

1. d4 d5 2. Bf4 Nf6 3. e3 c5 4. c3 Nc6 5. Nd2 Qb6 6. Qb3 c4 7. Qc2 Bg4 8. b3 cxb3 9. Qxb3 e6 10. Ngf3 Be7 11. Bd3 0-0 12. 0-0 Rac8 13. Qxb6 axb6 14. Rab1 Nd7 15. h3 Bh5 16. Bb5 Rfd8 17. c4 Bg6 18. Rbc1 Ba3 19. Rc3 Bb4 20. Rb3 Bc2 21. Bxc6 Bxb3 22. Bxd7 Bxc4 23. Nxc4 Rxc4 24. Bb5 Rc2 25. a4 Rdc8 26. g4 f6 27. h4 Kf7 28. Kg2 R8c3 29. g5 Rb2 30. Kg3 Be7 31. Kg2 Rcc2 32. gxf6 gxf6 33. Bg3 Rc3 34. Kh3 h6 35. Rg1 Rc8 36. Rg2 Rg8 37. Bc7 Rxg2 38. Kxg2 Bb4 39. Bxb6 Bd6 40. Bc5 Bxc5 41. dxc5 Rc2 42. c6 bxc6 43. Nd4 cxb5 44. Nxc2 bxa4 45. Kf3 Kg6 46. Kg4 h5+ 47. Kf4 e5+ 48. Kg3 Kf5 49. f3 Ke6 50. Kf2 Kd6 51. Ke2 Kc5 52. Kd3 f5 53. Kc3 Kb5 54. f4 d4+ 55. exd4 exf4 56. Ne1 Kc6 57. Kc4 a3 58. Kb3 Kd5 59. Nf3 Ke4 60. Kxa3 Kxf3 61. d5 Ke4 62. d6 f3 63. d7 f2 64. d8Q f1Q 65. Qe8+ Kf4 66. Qxh5 Kg3 67. Qg5+ Kh3 68. h5 Qf3+ 69. Kb2 Qe2+ 70. Kc3 Qf3+ 71. Kd2 Qd5+ 72. Ke2 Qc4+ 73. Kf3 Qf1+ 74. Ke3 Qc1+ 0-1

[Event "Titled Tuesday intern op 12th Dec Late"]
[Site "Chess.com INT"]
[Date "2023.12.12"]
[Round "3"]
[White "Ballester Llagaria, Luis Eduardo"]
[Black "Melikhov, Evgeny V"]
[Result "1-0"]
[WhiteElo "2298"]
[BlackElo "2192"]
[PlyCount "119"]
[EventDate "2023.12.12"]
[EventType "swiss (blitz)"]
[EventRounds "11"]
[EventCountry "USA"]
[SourceTitle "EXT 2025"]
[Source "ChessBase"]
[SourceDate "2024.10.14"]
[SourceVersion "1"]
[SourceVersionDate "2024.10.14"]
[SourceQuality "1"]

1. e4 e5 2. Nc3 Nf6 3. Nf3 Nc6 4. a3 d5 5. Bb5 dxe4 6. Nxe5 Bd7 7. Nxd7 Qxd7 8. d3 exd3 9. 0-0 0-0-0 10. Qxd3 Qxd3 11. Bxd3 h6 12. Bf4 Bd6 13. Bxd6 Rxd6 14. Rfe1 a6 15. f3 Rdd8 16. Kf2 Rhe8 17. Rxe8 Rxe8 18. Rd1 g6 19. Ne4 Nxe4+ 20. Bxe4 Ne5 21. b3 c6 22. c4 Kc7 23. Bc2 c5 24. h3 Nc6 25. Be4 Nd4 26. b4 b6 27. bxc5 bxc5 28. Rb1 Rb8 29. Rxb8 Kxb8 30. Bd5 f6 31. h4 Kc7 32. g4 g5 33. hxg5 hxg5 34. Ke3 Kd6 35. Ke4 a5 36. Bf7 Nc2 37. Be8 Nxa3 38. Kd3 Ke5 39. Ba4 Kf4 40. Bc6 Ke5 41. Kc3 Nb1+ 42. Kc2 Kd4 43. Kxb1 Kxc4 44. Kb2 Kd3 45. Be4+ Kd4 46. Kb3 c4+ 47. Kc2 a4 48. Bg6 a3 49. Be4 Ke3 50. Bd5 a2 51. Kb2 Kd2 52. Bxc4 Ke3 53. Bd5 Kf4 54. Be4 f5 55. gxf5 g4 56. fxg4 Kxe4 57. f6 Kf4 58. f7 Kxg4 59. f8Q Kg5 60. Ka1 1-0

[Event "Titled Tuesday intern op 21st Nov Late"]
[Site "Chess.com INT"]
[Date "2023.11.21"]
[Round "2"]
[White "Ballester Llagaria, Luis Eduardo"]
[Black "Grischuk, Alexander"]
[Result "0-1"]
[WhiteElo "2298"]
[BlackElo "2732"]
[PlyCount "64"]
[EventDate "2023.11.21"]
[EventType "swiss (blitz)"]
[EventRounds "11"]
[EventCountry "USA"]
[SourceTitle "EXT 2025"]
[Source "ChessBase"]
[SourceDate "2024.10.14"]
[SourceVersion "1"]
[SourceVersionDate "2024.10.14"]
[SourceQuality "1"]

1. e4 e5 2. Nf3 Nc6 3. Nc3 Nf6 4. a3 d5 5. exd5 Nxd5 6. Bb5 Nxc3 7. bxc3 Bd6 8. d4 exd4 9. 0-0 0-0 10. cxd4 h6 11. c3 Qf6 12. h3 Bf5 13. Be3 Ne7 14. Bd3 Rfe8 15. c4 Rad8 16. Rb1 b6 17. d5 c6 18. Bd4 Qg6 19. Nh4 Qg5 20. Nxf5 Nxf5 21. f4 Bxf4 22. Bxf5 Qxf5 23. Qf3 Re4 24. Bf2 cxd5 25. Rb5 Rxc4 26. g3 Qxh3 27. Rxd5 Rdc8 28. Qd3 Bg5 29. Rd1 Rc1 30. Be1 Rxd1 31. Qxd1 Be3+ 32. Bf2 Qxg3+ 0-1

[Event "Titled Tuesday intern op 14th Nov Late"]
[Site "Chess.com INT"]
[Date "2023.11.14"]
[Round "6"]
[White "Sivanandan, Bodhana"]
[Black "Ballester Llagaria, Luis Eduardo"]
[Result "1-0"]
[WhiteElo "1854"]
[BlackElo "2298"]
[PlyCount "109"]
[EventDate "2023.11.14"]
[EventType "swiss (blitz)"]
[EventRounds "11"]
[EventCountry "USA"]
[SourceTitle "EXT 2025"]
[Source "ChessBase"]
[SourceDate "2024.10.14"]
[SourceVersion "1"]
[SourceVersionDate "2024.10.14"]
[SourceQuality "1"]

1. d4 e6 2. Nf3 c5 3. e3 Nf6 4. Nc3 d5 5. Be2 Nc6 6. 0-0 Bd6 7. dxc5 Bxc5 8. Nd4 e5 9. Nb3 Be7 10. Bf3 Be6 11. e4 dxe4 12. Nxe4 Nxe4 13. Bxe4 Qc7 14. c3 0-0 15. Qf3 Rad8 16. Be3 f5 17. Bxc6 bxc6 18. Bc5 Bd5 19. Qe3 f4 20. Qh3 Rf6 21. Bxe7 Qxe7 22. f3 Rh6 23. Qf5 Rf6 24. Qc2 Rg6 25. c4 Be6 26. Rfe1 Bh3 27. Re2 a5 28. c5 a4 29. Nd2 Qd7 30. Ne4 Bf5 31. Qxa4 Bxe4 32. Qxe4 Rg5 33. a4 h5 34. h4 Rg3 35. a5 Qa7 36. Qxe5 Rd5 37. Qe6+ Kh7 38. b4 Qa6 39. Qe4+ Rg6 40. Rae1 Qb7 41. Qxf4 Qd7 42. Qh2 Rd4 43. Re7 Qd5 44. R7e5 Qa2 45. Rxh5+ Kg8 46. Rg5 Rf6 47. Qe5 Rd2 48. Qe8+ Kh7 49. Rh5+ Rh6 50. Rxh6+ Kxh6 51. Qe3+ Kh7 52. Qe4+ Kh8 53. Qg4 Kh7 54. Qh5+ Kg8 55. Re8# 1-0

[Event "Titled Tuesday intern op 10th Oct Late"]
[Site "Chess.com INT"]
[Date "2023.10.10"]
[Round "3"]
[White "Ballester Llagaria, Luis Eduardo"]
[Black "Cueto, Jose"]
[Result "1-0"]
[WhiteElo "2298"]
[BlackElo "2112"]
[PlyCount "61"]
[EventDate "2023.10.10"]
[EventType "swiss (blitz)"]
[EventRounds "11"]
[EventCountry "USA"]
[SourceTitle "EXT 2025"]
[Source "ChessBase"]
[SourceDate "2024.10.14"]
[SourceVersion "1"]
[SourceVersionDate "2024.10.14"]
[SourceQuality "1"]

1. e4 e6 2. d4 d5 3. Nd2 Nc6 4. Ngf3 Nf6 5. e5 Nd7 6. Bd3 Nb4 7. Be2 c5 8. c3 Nc6 9. 0-0 Qb6 10. Bd3 cxd4 11. cxd4 Nxd4 12. Nxd4 Qxd4 13. Nf3 Qb6 14. Rb1 Be7 15. b4 0-0 16. Be3 Qd8 17. Bd4 Nb6 18. Qd2 Nc4 19. Qf4 f5 20. exf6 Bxf6 21. Bxc4 dxc4 22. Bxf6 Rxf6 23. Qxc4 Qd5 24. Qc3 b6 25. Rfd1 Qxa2 26. Rd8+ Rf8 27. Rbd1 Bb7 28. R8d7 Rf7 29. Rxf7 Kxf7 30. Rd7+ Kg8 31. Qxg7# 1-0

[Event "Titled Tuesday intern op 10th Oct Late"]
[Site "Chess.com INT"]
[Date "2023.10.10"]
[Round "11"]
[White "Ballester Llagaria, Luis Eduardo"]
[Black "Vazquez, Facundo"]
[Result "1-0"]
[WhiteElo "2298"]
[BlackElo "2407"]
[PlyCount "57"]
[EventDate "2023.10.10"]
[EventType "swiss (blitz)"]
[EventRounds "11"]
[EventCountry "USA"]
[SourceTitle "EXT 2025"]
[Source "ChessBase"]
[SourceDate "2024.10.14"]
[SourceVersion "1"]
[SourceVersionDate "2024.10.14"]
[SourceQuality "1"]

1. e4 e6 2. d4 d5 3. Bd3 dxe4 4. Bxe4 Nf6 5. Bf3 c5 6. Ne2 Nc6 7. Be3 cxd4 8. Nxd4 Nxd4 9. Qxd4 Qxd4 10. Bxd4 Be7 11. c4 0-0 12. Nc3 Rd8 13. Be3 e5 14. 0-0 Bg4 15. Bxb7 Rab8 16. Bd5 Rxb2 17. Bxa7 Bb4 18. Nd1 Bxd1 19. Rfxd1 Kf8 20. Be3 Rc2 21. a4 Nxd5 22. cxd5 Bc5 23. a5 Bxe3 24. fxe3 e4 25. a6 Rc7 26. a7 Ra8 27. d6 Rcxa7 28. Rxa7 Rxa7 29. d7 1-0

[Event "Titled Tuesday intern op 10th Oct Late"]
[Site "Chess.com INT"]
[Date "2023.10.10"]
[Round "2"]
[White "Golizadeh, Asghar"]
[Black "Ballester Llagaria, Luis Eduardo"]
[Result "1-0"]
[WhiteElo "2456"]
[BlackElo "2298"]
[PlyCount "73"]
[EventDate "2023.10.10"]
[EventType "swiss (blitz)"]
[EventRounds "11"]
[EventCountry "USA"]
[SourceTitle "EXT 2025"]
[Source "ChessBase"]
[SourceDate "2024.10.14"]
[SourceVersion "1"]
[SourceVersionDate "2024.10.14"]
[SourceQuality "1"]

1. e4 e6 2. Nc3 c5 3. f4 a6 4. d3 b5 5. g3 Bb7 6. Bg2 b4 7. Nce2 d5 8. Nh3 dxe4 9. 0-0 Nf6 10. Ng5 Be7 11. Nxe4 Nxe4 12. dxe4 Qxd1 13. Rxd1 Nd7 14. Be3 Nb6 15. b3 0-0 16. Nc1 Rfd8 17. Nd3 Rac8 18. Nxb4 cxb4 19. Bxb6 Rxd1+ 20. Rxd1 Bc6 21. Rd2 h5 22. Bf3 h4 23. Kf2 Bb5 24. Bd4 hxg3+ 25. hxg3 a5 26. Be2 Bc6 27. Ke3 a4 28. Bc4 Rd8 29. Bb6 Rb8 30. Bc7 Rc8 31. Bd6 Bxd6 32. Rxd6 Be8 33. Rb6 e5 34. fxe5 Rd8 35. Rxb4 Rd1 36. Rb8 Rd8 37. Rxd8 1-0

[Event "Titled Tuesday intern op 03rd Oct Late"]
[Site "Chess.com INT"]
[Date "2023.10.03"]
[Round "5"]
[White "Ballester Llagaria, Luis Eduardo"]
[Black "Javakhadze, Zurab"]
[Result "1-0"]
[WhiteElo "2298"]
[BlackElo "2457"]
[PlyCount "63"]
[EventDate "2023.10.03"]
[EventType "swiss (blitz)"]
[EventRounds "11"]
[EventCountry "USA"]
[SourceTitle "EXT 2025"]
[Source "ChessBase"]
[SourceDate "2024.10.14"]
[SourceVersion "1"]
[SourceVersionDate "2024.10.14"]
[SourceQuality "1"]

1. e4 c5 2. Nc3 Nc6 3. Bb5 Nd4 4. Nf3 Nxb5 5. Nxb5 a6 6. Nc3 g6 7. d4 Bg7 8. dxc5 Qc7 9. Nd5 Qc6 10. Be3 Nf6 11. Ne5 Nxd5 12. Nxc6 Nxe3 13. fxe3 dxc6 14. c3 0-0 15. 0-0 Be6 16. Qe2 a5 17. Rfd1 a4 18. a3 Ra5 19. Rd4 Bb3 20. Rb4 Rb8 21. Rd1 Bxd1 22. Qxd1 Rxc5 23. Qd7 Bh6 24. Kf2 Bg5 25. Rxb7 Rxb7 26. Qxb7 Rb5 27. Qxc6 Rxb2+ 28. Kf3 Rb3 29. Qa8+ Kg7 30. Qxa4 Rxc3 31. Qd4+ Bf6 32. e5 1-0

[Event "Titled Tuesday intern op 03rd Oct Late"]
[Site "Chess.com INT"]
[Date "2023.10.03"]
[Round "6"]
[White "Svane, Rasmus"]
[Black "Ballester Llagaria, Luis Eduardo"]
[Result "1-0"]
[WhiteElo "2646"]
[BlackElo "2298"]
[PlyCount "69"]
[EventDate "2023.10.03"]
[EventType "swiss (blitz)"]
[EventRounds "11"]
[EventCountry "USA"]
[SourceTitle "EXT 2025"]
[Source "ChessBase"]
[SourceDate "2024.10.14"]
[SourceVersion "1"]
[SourceVersionDate "2024.10.14"]
[SourceQuality "1"]

1. Nf3 d5 2. g3 Bg4 3. Bg2 c6 4. 0-0 Nd7 5. h3 Bxf3 6. Bxf3 e5 7. d3 Ngf6 8. e4 dxe4 9. dxe4 Bc5 10. Nd2 0-0 11. Nb3 Bb6 12. Qe2 Qe7 13. a4 a5 14. Bd2 Rfd8 15. Rfd1 Nf8 16. Be1 Ne6 17. h4 Nd7 18. Kg2 Ndc5 19. Nxc5 Qxc5 20. c3 h6 21. Bg4 Rxd1 22. Rxd1 Rd8 23. Bxe6 fxe6 24. Rxd8+ Bxd8 25. Bd2 b5 26. Qg4 Qc4 27. Bxh6 Bf6 28. h5 Kf8 29. Qg6 Ke7 30. Bxg7 Bxg7 31. Qxg7+ Kd6 32. Qf8+ Kc7 33. axb5 Qxe4+ 34. Qf3 Qxf3+ 35. Kxf3 1-0

[Event "Titled Tuesday intern op 03rd Oct Late"]
[Site "Chess.com INT"]
[Date "2023.10.03"]
[Round "11"]
[White "Toniutti, Ezio"]
[Black "Ballester Llagaria, Luis Eduardo"]
[Result "1-0"]
[WhiteElo "2184"]
[BlackElo "2298"]
[PlyCount "71"]
[EventDate "2023.10.03"]
[EventType "swiss (blitz)"]
[EventRounds "11"]
[EventCountry "USA"]
[SourceTitle "EXT 2025"]
[Source "ChessBase"]
[SourceDate "2024.10.14"]
[SourceVersion "1"]
[SourceVersionDate "2024.10.14"]
[SourceQuality "1"]

1. d4 d5 2. c4 dxc4 3. e3 Nf6 4. Bxc4 e6 5. Nf3 a6 6. 0-0 b5 7. Bb3 Bb7 8. Qe2 c5 9. a4 b4 10. Rd1 Nbd7 11. Nbd2 Be7 12. Nc4 0-0 13. Nfe5 Bd5 14. e4 Bxc4 15. Bxc4 Nxe5 16. dxe5 Nd7 17. Bxa6 Qc7 18. f4 Nb6 19. Bb5 c4 20. Be3 Bc5 21. Bxc5 Qxc5+ 22. Qf2 Qc7 23. a5 Nc8 24. a6 Nb6 25. Rd6 Rfb8 26. Rad1 h6 27. h3 Nc8 28. Rd8+ Kh7 29. R1d7 Qa5 30. f5 Qxb5 31. fxe6 fxe6 32. Rh8+ Kg6 33. Qf7+ Kg5 34. Qxg7+ Kf4 35. Qg4+ Ke3 36. Qf3# 1-0

[Event "Titled Tuesday intern op 19th Sep Late"]
[Site "Chess.com INT"]
[Date "2023.09.19"]
[Round "6"]
[White "Ballester Llagaria, Luis Eduardo"]
[Black "Toropov, Pavel"]
[Result "1-0"]
[WhiteElo "2298"]
[BlackElo "2336"]
[PlyCount "97"]
[EventDate "2023.09.19"]
[EventType "swiss (blitz)"]
[EventRounds "11"]
[EventCountry "USA"]
[SourceTitle "EXT 2024"]
[Source "ChessBase"]
[SourceDate "2023.10.10"]
[SourceVersion "1"]
[SourceVersionDate "2023.10.10"]
[SourceQuality "1"]

1. e4 e6 2. d4 d5 3. Nd2 dxe4 4. Nxe4 Nd7 5. Nf3 Ngf6 6. Nxf6+ Nxf6 7. c3 Be7 8. Bd3 0-0 9. 0-0 b6 10. Qe2 Bb7 11. Bg5 Bxf3 12. Qxf3 Qd5 13. Qxd5 Nxd5 14. Bxe7 Nxe7 15. Rfe1 Rad8 16. Rad1 Rd6 17. Bc2 Rfd8 18. f3 g6 19. Kf2 Kg7 20. g4 g5 21. Kg3 Ng6 22. Bxg6 hxg6 23. Re5 c5 24. Re4 f5 25. Re5 cxd4 26. cxd4 Rxd4 27. Rxd4 Rxd4 28. Rxe6 Rd2 29. Re7+ Kf6 30. Rxa7 f4+ 31. Kh3 Rxb2 32. Rb7 Ke5 33. a4 Rb4 34. Kg2 Rb2+ 35. Kh3 Rb4 36. Rg7 Kd4 37. Rxg6 Ke3 38. Rxg5 Rxa4 39. Rb5 Kxf3 40. Rxb6 Ra8 41. g5 Rg8 42. Kh4 Kg2 43. Rb2+ Kf3 44. Kh5 Ke4 45. Kh6 f3 46. g6 Kf5 47. g7 Kf6 48. Rf2 Ke6 49. Rxf3 1-0

[Event "Titled Tuesday intern op 08th Aug Late"]
[Site "Chess.com INT"]
[Date "2023.08.08"]
[Round "1"]
[White "Ballester Llagaria, Luis Eduardo"]
[Black "De Souza, Cristiano Gomes"]
[Result "1/2-1/2"]
[WhiteElo "2298"]
[BlackElo "2018"]
[PlyCount "129"]
[EventDate "2023.08.08"]
[EventType "swiss (blitz)"]
[EventRounds "11"]
[EventCountry "USA"]
[SourceTitle "EXT 2024"]
[Source "ChessBase"]
[SourceDate "2023.10.10"]
[SourceVersion "1"]
[SourceVersionDate "2023.10.10"]
[SourceQuality "1"]

1. e4 c5 2. Nc3 d6 3. d4 cxd4 4. Qxd4 Nc6 5. Qd2 g6 6. b3 Bg7 7. Bb2 Nf6 8. 0-0-0 Be6 9. h4 h5 10. Nge2 0-0 11. Nf4 Qc8 12. Nxe6 fxe6 13. f3 Kh7 14. Kb1 e5 15. Bc4 a6 16. g4 Nd4 17. g5 Nd7 18. Rhf1 Nxf3 19. Qe3 Nd4 20. Rxf8 Qxf8 21. Rf1 Qd8 22. Ne2 Nxe2 23. Qxe2 Rc8 24. Rf7 Nc5 25. Qf3 Qh8 26. Rxe7 Rf8 27. Rf7 Rxf7 28. Qxf7 Qf8 29. Qxf8 Bxf8 30. Bd5 b6 31. b4 Nd7 32. Bc6 Nb8 33. Be8 Be7 34. c4 Bxg5 35. Bc1 Bxh4 36. Be3 a5 37. b5 Bg3 38. Bxb6 h4 39. Kc2 h3 40. Bg1 h2 41. Bxh2 Bxh2 42. c5 g5 43. Kb3 g4 44. c6 g3 45. c7 g2 46. cxb8Q g1Q 47. Qc7+ Kh6 48. Qxd6+ Kg5 49. Qe7+ Kf4 50. Bc6 Qe3+ 51. Kc4 Qe2+ 52. Kd5 Qxa2+ 53. Kd6 Qa3+ 54. Kd7 Qxe7+ 55. Kxe7 Bg1 56. Kd6 Bb6 57. Bd5 a4 58. Kc6 Bd4 59. b6 Bxb6 60. Kxb6 a3 61. Kc5 a2 62. Bxa2 Kxe4 63. Bd5+ Kf4 64. Kd6 e4 65. Bxe4 1/2-1/2

[Event "Titled Tuesday intern op 08th Aug Late"]
[Site "Chess.com INT"]
[Date "2023.08.08"]
[Round "3"]
[White "Ballester Llagaria, Luis Eduardo"]
[Black "Morefield, Jason P"]
[Result "0-1"]
[WhiteElo "2298"]
[BlackElo "2226"]
[PlyCount "70"]
[EventDate "2023.08.08"]
[EventType "swiss (blitz)"]
[EventRounds "11"]
[EventCountry "USA"]
[SourceTitle "EXT 2024"]
[Source "ChessBase"]
[SourceDate "2023.10.10"]
[SourceVersion "1"]
[SourceVersionDate "2023.10.10"]
[SourceQuality "1"]

1. e4 c5 2. Nc3 Nc6 3. Bb5 Nd4 4. Nf3 a6 5. Bd3 g6 6. 0-0 Bg7 7. Nxd4 cxd4 8. Ne2 e6 9. c3 dxc3 10. dxc3 Ne7 11. f4 f5 12. e5 b6 13. Nd4 Bb7 14. b3 Kf7 15. Ba3 Nd5 16. Qd2 b5 17. c4 bxc4 18. bxc4 Ne7 19. Rab1 Bc6 20. Bd6 Bf8 21. Qf2 Qa5 22. Qh4 Qc3 23. Nxc6 Nxc6 24. Rb7 Qd4+ 25. Kh1 Qxd3 26. Rxd7+ Ke8 27. Re1 Kxd7 28. Qf6 Be7 29. Bxe7 Nxe7 30. Qh4 Rab8 31. Qf2 Rb1 32. h3 Rxe1+ 33. Qxe1 Qxc4 34. Qa5 Nd5 35. Qxa6 Qxa6 0-1

[Event "Titled Tuesday intern op 18th Jul Late"]
[Site "Chess.com INT"]
[Date "2023.07.18"]
[Round "2"]
[White "Adireddy, Arjun"]
[Black "Ballester Llagaria, Luis Eduardo"]
[Result "1-0"]
[WhiteElo "2057"]
[BlackElo "2298"]
[PlyCount "95"]
[EventDate "2023.07.18"]
[EventType "swiss (blitz)"]
[EventRounds "11"]
[EventCountry "USA"]
[SourceTitle "EXT 2024"]
[Source "ChessBase"]
[SourceDate "2023.10.10"]
[SourceVersion "1"]
[SourceVersionDate "2023.10.10"]
[SourceQuality "1"]

1. Nf3 d5 2. g3 Bg4 3. Bg2 c6 4. 0-0 Nd7 5. d4 Ngf6 6. h3 Bxf3 7. Bxf3 e5 8. dxe5 Nxe5 9. Bg2 Bd6 10. b3 0-0 11. Bb2 Qe7 12. Nd2 Rfe8 13. e3 a5 14. a4 Rad8 15. Qe2 h6 16. Rad1 Ba3 17. Ba1 Bd6 18. Bb2 Qc7 19. Nf3 Ne4 20. Nd4 Ng6 21. Nf3 Qe7 22. Nd4 Qg5 23. Nf3 Nxg3 24. fxg3 Qxg3 25. Qf2 Rxe3 26. Qxe3 Nf4 27. Rf2 Nxh3+ 28. Kf1 Nxf2 29. Qxf2 Qg4 30. Qd4 Qg6 31. Qd3 f5 32. Re1 Rf8 33. Re2 Bg3 34. Ne5 Qh5 35. Qxg3 f4 36. Qf3 Qf5 37. Nd3 g5 38. Re7 Rf7 39. Rxf7 Kxf7 40. Qh5+ Ke7 41. Qxh6 f3 42. Bh3 g4 43. Qh4+ Kd6 44. Qxg4 Qf7 45. Qe6+ Qxe6 46. Bxe6 Kxe6 47. Nc5+ Kd6 48. Nxb7+ 1-0